| 000 | 00832nam a2200253 a 4500 | ||
|---|---|---|---|
| 001 | 56055 | ||
| 003 | BD-RjUL | ||
| 005 | 20211209080340.0 | ||
| 008 | 161126s1969 enkcfh b 001 0ceng d | ||
| 020 | _a0710062885 | ||
| 035 | _a(BD-RjUL)56179 | ||
| 040 |
_aBD-RjUL _beng _cBD-RjUL |
||
| 041 | _aeng | ||
| 082 |
_223 _a910 _bDIM 1969 |
||
| 100 | 1 |
_aDickinson, Robert E. _q(Robert Eric), _d1905-1981. _9166878 |
|
| 245 | 1 | 4 |
_aThe makers of modern geography / _cby Robert E. Dickinson. |
| 260 |
_aLondon : _bRoutledge & Kegan Paul, _c1969. |
||
| 300 |
_axiv, 305 p., [8] p. of plates : _bill., facsims., ports ; _c23 cm. |
||
| 500 | _aIncludes bibliographical references and index. | ||
| 650 | 0 |
_aGeographers _zFrance. _9166879 |
|
| 650 | 0 |
_aGeographers _zGermany. _9166880 |
|
| 650 | 0 |
_aGeography _xHistory. _9166881 |
|
| 942 |
_2ddc _cBK |
||
| 999 |
_c56055 _d56055 |
||